| 000 | 01647cas a22003615a 4500 | ||
|---|---|---|---|
| 001 | vtls003135736 | ||
| 003 | MY-SjTCS | ||
| 005 | 20200207085454.0 | ||
| 006 | m d |||||| | ||
| 007 | cr anunnnuuuaa | ||
| 008 | 930916c19939999txu x1p s s0 a0eng d | ||
| 022 | 0 | _a1072-6691 | |
| 035 | _a(EbpS)ebs725076 | ||
| 039 | 9 |
_a201205161040 _bstazrina _y200812260848 _zVLOAD |
|
| 050 | 1 | 0 | _aQA370 |
| 245 | 0 | 0 |
_aElectronic journal of differential equations _h[electronic resource]. |
| 246 | 1 | 3 | _aEJDE |
| 260 |
_a[San Marcos, Tex. : _bPublished jointly by Southwest Texas State University and the University of North Texas, _cc1993- |
||
| 310 | _aIrregular | ||
| 362 | 0 | _a1993/01- | |
| 500 | _aTitle from "Scope and dissemination" file. | ||
| 500 | _aIdentical electronic texts are originated and maintained online at Southwest Texas State University and at the University of North Texas. | ||
| 500 | _aLatest issue consulted: Vol. 1998 (1998), no. 34. | ||
| 500 | _aAcademic Journal | ||
| 529 | _aTSLHHL | ||
| 530 | _aOnline version of print publication. | ||
| 538 | _aMode of access: Internet via FTP, gopher, and World Wide Web. | ||
| 650 | 0 |
_aDifferential equations _vPeriodicals. |
|
| 710 | 2 | _aSouthwest Texas State University. | |
| 710 | 2 | _aUniversity of North Texas. | |
| 773 | 0 |
_tAcademic Source Complete _dIpswich, MA : EBSCO Publishing, 1999- |
|
| 856 | 4 | 0 |
_3Full text available: Apr 2003-. _zAvailable on EBSCOhost. _uhttps://ezproxy.taylors.edu.my/login?url=https://search.ebscohost.com/direct.asp?db=a9h&jid=H2L |
| 999 | _c117450 | ||